| 000 | 00484nam a2200121 a 4500 | ||
|---|---|---|---|
| 008 | 120416s1997 ||||||||||||||||| || u | ||
| 050 | _aHT 395 Con | ||
| 245 | 1 | 0 | _aContemporary issues in regional development policy |
| 246 | _aperspectives from Eastern and Southern Africa | ||
| 260 |
_aAldershot _bAshgate _c1997 |
||
| 350 | _a0.00 | ||
| 995 |
_D0.00 _FCBU-MAIN LIBRARY (Kitwe) _H1 _I15.00 _UAVAILABLE _ZAnnex Low-Usage Collection |
||
| 999 |
_c38645 _d38645 |
||